00845 a2200169 45000010006000000050017000060080041000230030015000640400040000790800034001192450033001532640064001863000019002505050372002690410008006411000026006495979220260407155851.0260407a1960 arg spa dAR-UNSa-BCEJYS aAR-UNSa-BCEJYSbspacAR-UNSa-BCEJYS a342.9xDerecho Administrativo10aTratado de dominio público 1aBuenos Aires :bTEA (Tipográfica Editora Argentina)c1960 a599 p.c23 cm. a1. Noción conceptual del dominio público - 2. Clasificación del dominio público – 3. Afectación y desafectación (creación y extinción del dominio público) – 4. Régimen y caracteres jurídicos del dominio público (Inalienabilidad e imprescriptibilidad) – 5. Tutela o protección del dominio público – 6. Uso del dominio público –  aspa1 aMarienhoff, Miguel S.